| 000 | 01315nam a2200337 a 4500 | ||
|---|---|---|---|
| 001 | 000109726 | ||
| 003 | CHAP | ||
| 005 | 20220329144101.0 | ||
| 008 | 140522s2014 mx a sm |||||||spa d | ||
| 010 | _a106188 | ||
| 011 | _a107160 | ||
| 040 | _cCHAP | ||
| 090 | _aTesis | ||
| 100 | 1 |
_aSánchez Gallegos, José Luis _9126990 |
|
| 245 | 1 | 0 |
_aEstudio de factibilidad técnico económico de una planta productora de panela en el municipio de Tzimol, Chiapas _h[En línea] _cpor José Luis Sánchez Gallegos. |
| 260 |
_aChapingo, Méx. : _bEl autor, _c2014. |
||
| 500 | _aPara ver el contenido del material haga clic en la liga | ||
| 502 | _aTesis (Ing. Agroindusrial) -- UACH. Departamento de Ingeniería Agroindustrial | ||
| 590 |
_aBATCH-UPD _b05 _c20141002 _lUCH01 _h0904 |
||
| 590 |
_aE5652GLJ _b05 _c20140522 _lUCH01 _h0919 |
||
| 590 |
_aE5652GLJ _b05 _c20140522 _lUCH01 _h0920 |
||
| 590 |
_aE5652GLJ _b05 _c20140522 _lUCH01 _h1237 |
||
| 650 | 1 | 4 |
_aCaña de azúcar _xCostos de producción. _918592 |
| 650 | 1 | 4 |
_aCaña de azúcar _xIndustria _xProyectos. _9127001 |
| 650 | 1 | 4 |
_aCaña de azúcar _xMejoramiento. _918626 |
| 650 | 1 | 4 |
_aCaña de azúcar _xTrabajadores _zChiapas. _9127000 |
| 856 |
_aFinding aid _uhttp://10.13.5.2/tesis/sist109726.pdf _zTeclea aquí |
||
| 901 | _aBK | ||
| 942 | _cTESIS | ||
| 942 | _n0 | ||
| 999 |
_c106188 _d106188 |
||